Formas de país no mapa mundial #5 - arrancada um minuto - Statistics

Estatísticas Gerais
  • Esse quiz foi jogado 76 vezes
  • A pontuação média é 18 de 20
Respostas no mapa
Respostas codificadas por cores de uma escala verde-vermelha no mapa do quiz de acordo com a % correta abaixo.
 
Estatísticas das Respostas
país % Correto
Rússia
100%
Colômbia
99%
Uruguai
99%
África do Sul
97%
Reino Unido
97%
Alemanha
96%
Índia
96%
Suriname
96%
Sudão
93%
Afeganistão
91%
Birmânia
87%
Bósnia e Herzegovina
87%
Emirados Árabes Unidos
87%
Guatemala
87%
Hungria
87%
Jordânia
87%
Mali
87%
Zâmbia
87%
Gana
85%
Kiribati
82%
Nenhum quiz correspondente encontrado
Distribuição das Pontuações
Porcentagem de Pessoas com Cada Pontuação
Percentil de Números Respondidos
Sua Pontuação Histórica
Você não jogou esse quiz